[Event "89_| Campeonato Brasileiro 2023"]
[Site "Recife"]
[Date "2023.12.14"]
[Round "2.1"]
[White "Casalaspro, Mathias Andre"]
[Black "Supi, Luis Paulo"]
[Result "0-1"]
[WhiteElo "2054"]
[BlackElo "2579"]
[PlyCount "58"]
[EventDate "2023.??.??"]
[EventCountry "BRA"]
[TimeControl "90+30"]
[WhiteClock "0:02:05"]
[BlackClock "0:45:04"]

{[%evp 9,58,-3,0,-9,24,14,47,49,56,-45,-31,-125,-106,-116,-121,-98,-10,-73,-68,
-185,-115,-242,-236,-264,-258,-268,-250,-237,-181,-301,-291,-345,-343,-339,
-340,-339,-341,-329,-328,-364,-334,-346,-332,-347,-353,-458,-468,-600,-588,
-592,-589]} 1. d4 {[%emt 0:00:00]} Nf6 {[%emt 0:00:00]} 2. Nc3 {[%emt 0:00:00]}
d5 {[%emt 0:00:00]} 3. Bf4 {[%emt 0:00:00]} e6 {[%emt 0:00:00]} 4. Nb5 {
[%emt 0:00:00]} Na6 {[%emt 0:00:00]} 5. e3 {[%emt 0:00:00]} Be7 {[%emt 0:00:00]
} 6. Nf3 {[%emt 0:00:00] D00:1 d4 d5: Unusual lines.} Nh5 {[%emt 0:00:00]} 7.
Be5 {[%emt 0:00:00]} c6 {[%emt 0:00:00]} 8. Nc3 {[%emt 0:00:00] White is
slightly better.} f6 {[%emt 0:00:00]} 9. Nd2 $146 {[%eval -45,26] [%emt 0:00:
00]} (9. g4 $14 {[%eval 56,25]}) ({Predecessor:} 9. Bg3 Qb6 10. Rb1 Bd7 11. Ne5
Nxg3 12. Nxd7 Kxd7 13. hxg3 Nc7 14. Bd3 c5 15. dxc5 Qxc5 {0-1 (38) Itkis,B 
(2312)-Eljanov,P (2695) Chess.com INT 2023}) 9... g6 $15 {[%emt 0:00:00]} 10.
g4 {[%eval -125,27] [%emt 0:00:00]} (10. Bg3 $15 {[%eval -31,26]}) 10... fxe5
$17 {[%emt 0:00:00]} 11. gxh5 {[%emt 0:00:00]} exd4 {[%emt 0:00:00]} 12. exd4 {
[%emt 0:00:00] [#]} Qb6 {[%eval -10,27] [%emt 0:00:00]} (12... e5 $1 $17 {
[%eval -98,20][%cal Re5d4][%mdl 512]} 13. dxe5 Nc5) 13. Nb3 {[%eval -73,24] 
[%emt 0:00:00] [#]} (13. Bxa6 $11 {[%eval -10,27] remains equal.} Qxb2 14. Bxb7
(14. hxg6 $2 Qxc3 15. g7 Rg8 $17) 14... Bxb7 15. Ne2) 13... e5 $1 $36 {[%emt 0:
00:00][%mdl 2560] Black has the initiative.} 14. dxe5 {[%eval -185,24] [%emt 0:
00:00]} ({White should play} 14. Bxa6 $15 {[%eval -68,28]} bxa6 15. hxg6 hxg6
16. dxe5) 14... Rf8 {[%eval -115,27] [%emt 0:00:00]} ({Black should try} 14...
O-O $19 {[%eval -185,24][%csl Gf8][%cal Rb6f2]} 15. Qd2 Nb4) 15. Qd4 {[%eval
-242,23] [%emt 0:00:00]} (15. Qd2 $17 {[%eval -115,27] was the only defense.})
15... Nb4 $19 {[%emt 0:00:00]} ({Weaker is} 15... gxh5 16. Be2 $15) 16. Qxb6 {
[%emt 0:00:00]} axb6 {[%emt 0:00:00]} 17. Bd3 {[%emt 0:00:00]} Nxd3+ {[%emt 0:
00:00]} 18. cxd3 {[%emt 0:00:00]} gxh5 {[%emt 0:00:00]} 19. Rc1 {[%eval -301,
24] [%emt 0:00:00]} (19. h3 $142 {[%eval -181,25]}) 19... Bg5 {[%emt 0:00:00]}
20. Rc2 {[%emt 0:00:00]} Bf5 {[%emt 0:00:00]} 21. Ke2 {[%emt 0:00:06]} Bf4 {
[%emt 0:00:00]} 22. Nd4 {[%emt 0:02:33]} Bxe5 {[%emt 0:00:00]} 23. Nxf5 {
[%emt 0:00:14]} Rxf5 {[%emt 0:00:00]} 24. a3 {[%emt 0:02:06]} Kf7 {[%emt 0:00:
00]} 25. Kf1 {[%emt 0:04:58]} Rf3 {[%emt 0:00:00]} 26. Ke2 {[%emt 0:01:52]} Rh3
{[%emt 0:00:00]} 27. Rcc1 {[%emt 0:01:15]} Re8 {[%emt 0:00:00] White must now
prevent ...Bxc3+.Black is clearly winning.} 28. Kd2 {[%emt 0:00:36]} Bf4+ {
[%emt 0:00:00][%mdl 64] Skewer} 29. Kc2 {[%emt 0:00:15]} Bxc1 {[%emt 0:00:00]
Accuracy: White = 39%, Black = 67%.} 0-1

[Event "89_| Campeonato Brasileiro 2023"]
[Site "Recife"]
[Date "2023.12.14"]
[Round "2.2"]
[White "Mekhitarian, Krikor Sevag"]
[Black "Souza, Iago Henrique da Si"]
[Result "1-0"]
[WhiteElo "2559"]
[BlackElo "2048"]
[Annotator "MI Luis Rodi"]
[PlyCount "68"]
[EventDate "2023.??.??"]
[EventCountry "BRA"]

{[%evp 16,68,70,13,26,18,62,60,62,67,71,64,62,54,78,84,93,93,87,93,189,171,173,
163,160,167,159,43,157,149,155,139,168,168,169,172,199,185,193,72,62,50,64,50,
59,46,68,75,117,112,196,204,188,107,357] As primeiras surpresas aconteceram na
segunda rodada, onde alguns dos favoritos deixaram pontos no caminho. Foi o
caso do GM André Diamant, que alcançou uma posição estrategicamente ganha
ante ao representante do Amazonas Suan Bruno Fernandes Lira, para depois
realizar um sacrifício de aparência positiva, mas que só dava certo para
alcançar uma posição equilibrada. Um grande resultado para o enxadrista
amazonense. Os GMs restantes venceram com mais ou menos clareza, formando
parte dos até aqui 32 líderes da prova com 2 em 2. Dentre as partidas da
rodada destaco o seguinte trabalho técnico do GM Krikor Mekhitarian, em uma
catalã modelo. Vale mencionar que esta rodada foi a primeira das duas rodadas
programadas do dia.} 1. d4 d5 2. c4 e6 3. Nf3 Nf6 4. g3 {[#]} Be7 (4... dxc4 {
nesta posição levaà catalã aberta. O condutor das pretas, no entanto,
escolhe a antiga linha principal}) 5. Bg2 O-O 6. O-O dxc4 {As pretas capturam
em c4, quando a denominação de Catalã fechada vale. Do meu ponto de vista,
essa denominação casa mais com os esquemas onde as pretas jogam a linha ...
c6, pelo qual o lance do texto poderia levar a uma nova denominação: Catalã
semi-aberta. A posição que surge é oprincipal palco de batalha no nível
magistral.} 7. Qc2 Nc6 {[#]} ({Este lance é de muito pouca continuação
usual, e que quando acontece resulta precedido pelo lance ...a6. A grande
linha principal é justamente} 7... a6 8. Qxc4 b5 {embora nos últimos tempos
se registrou um avanço monumental na prática da linha 7...b5. AA escolha da
variante pode ter a ver com o desejo de fugir dos principais cenários
teóricos, nos quais Krikor deve estar muito bem preparado.}) 8. Qxc4 Qd5 {
Iago, um sólido jogador com base no Rio de Janeiro, almeja uma posição sem
damas e uma discussão puramente técnica. As brancas pensam da mesma forma.}
9. Nbd2 {[%eval 13,32] Se as brancas desejam conservar as damas, lances como 9.
Dd3 ou 9.Da4 são possíveis, mas o lance do texto leva a uma típica
posição catalã onde as chances brancas são algo melhores, devido a: a) a
maioria de peões centrais, que oferece uma vantagem de espaço ao tempo que
tira casas das peças adversárias; b) a coluna c é um problema para as
pretas, fundamentalmente no que faz ao seu peão em c7. Neste tipo de
cenários o cavalo em c6 se revela pouco flexível. c) os bispos brancos são
mais ativos que as suas contrapartes pretas, sobretudo o bispo catalã. Por
outro lado, o lance do texto entrega belas estatísticas às brancas: mais do
87%!} (9. Qa4 $14 {[%eval 70,21]}) 9... Rd8 {[%cal Rc6d4] E05: Open Catalan: 5
Nf3 Be7.} 10. e3 a6 {[#]} ({As pretas deveriam jogar} 10... Qxc4 11. Nxc4 $14 {
Um exemplo com semelhanças com esta partida seguiu com} Rb8 12. Bd2 Ne4 13.
Be1 {13.Tfc1, como na partida, merece séria atenção} Bd7 14. Rc1 f6 15. Nfd2
Nxd2 16. Bxd2 Nb4 17. a3 Nd5 18. e4 Nb6 19. Nxb6 cxb6 20. Bf4 Rbc8 21. Bc7 $16
{Gelfand - Lugowskoy, Jumala 2015. As brancas fizeram uso dos elementos
citados no lance 9.}) 11. a3 {Este lance toma sob controle a casa b4, que em
alguns casos as pretas podem desejar explorar. É curioso que no seu lugar a
opção 11.a4 leve, por transposição, à posição analisada por Boris
Avrukh em seu livro de repertório com 1.d4, partindo a sua linha principal do
lance 11... Dh5!?; 11.b3!? é também interessante.} Qxc4 $146 {As pretas
poderiam considerar o plano de Avrukh com 11...Dh5 porem esta ideia não
funciona bem nesta posição concreta onde o segundo mjogar não pode utilizar
a casa b4; as brancas obtêm uma pareciável vantagem com 12.h3. White is
slightly better.} ({Predecessor:} 11... Na5 12. Qxc7 Bd7 13. Ne5 Qb5 14. b4 Nc6
15. Nxc6 bxc6 16. Nb3 Nd5 17. Qe5 Bf6 {1-0 (25) Lopez Mulet,I (2389)-Acikel,M 
(2234) Stockholm 2022}) 12. Nxc4 Rb8 {Um desses famosos lances misteriosos de
torre, tirando essa peça dos raios-X do bispo catalão. Como observamos,
Lugovsky fez exatamente essa manobra ante Gelfand, sendo também a linha dada
no livro de Avrukh na posição análoga. No entanto, penso que seria mais
lógico para as pretas tentar aqui 12...Bd7!? mais flexível que o lance do
texto, embora em uma posição sempre favorável ao primeiro jogador.} 13. Bd2
Ne4 14. Rfc1 {[#] Na posição análoga -com peão branco em a4– Avrukh
recomenda 14.Be1, indicando que mantendo o bispo de casas negras as brancas
preservam alguma pressão. Também vimos a Gelfand reagir dessa forma no jogo
citado no comentário ao lance 10. Porém em ambos os casos as pretas podiam
utilizar b4! Como nesta posição concreta essa possibilidade não existe,
parece mais efetivo o tratamento escolhido pelas brancas, com forte pressão
sobre a posição preta na ala de dama. Detalhes que os grandes mestres sempre
estão dispostos a descobrir!} Nxd2 15. Nfxd2 {Pode-se dizer que as brancas
não ficaram nem um pouco preocupadas pela troca de seu bispo mau por uma das
poucas peças ativas das pretas.} Bd7 {[#] Enquanto isso, as pretas esperam
que a sua posição resista. Se bem que a sua posição, aparenta ser muito
sólida e difícil de quebrar, e pelo momento não apresenta fraquezas
visíveis.Salvo que...} 16. Bxc6 $3 {As brancas entregam o bispo catalão! Mas,
por que? Bem, há que ir novamente à avaliação feita no lance nono onde
estabelecemos que o peão em c7 é um problema para as pretas. A troca em c6
forma parte de um plano tendente a demonstrar isso e explorá-lo. Na posição
resultante, os cavalos vão ter mais atividade que os bispos.} Bxc6 ({As
pretas vão perder um peão no curso desta linha, mas} 16... bxc6 17. b4 {
é obviamente pior.}) 17. Na5 Rd5 {[%eval 189,28]} (17... Kf8 $16 {[%eval 93,
29] might work better.}) 18. Nxc6 (18. b4 {poderia ser considerado, entendendo
que os problemas do preto na coluna "c" não se resolvem de imediato, porém
aqui as brancas deviam estar atentas à possibilidade 18...e5!?.A posição
resultante é avaliada de forma semelhante à linha produzida na partida.})
18... bxc6 19. Rxc6 Rxb2 20. Nc4 $1 {[%cal Rc4b2]} ({Don't do} 20. Rxc7 $6 Bd8
$14) 20... Rc2 {[#]} 21. Rxc7 {[%eval 43,30] A mais natural, sobretudo quando
somos humanos e contamos com menos de meia hora no relógio. O computador,
entretanto, aponta 21.a4!? para poder defender o peão de f2 (caso Tf5) com
Tf1. Depois de} (21. a4 $1 Bd6 {[%eval 209,27]} (21... Rf5 $16 {[%eval 128,30]}
) 22. Ne5 Rxc6 23. Nxc6 {o equilíbrio material se mantém, embora as brancas
tenham uma clara vantagem posicional.}) ({White should try} 21. a4 $1 $16 {
[%eval 159,31]}) 21... Bf8 {[%eval 157,24]} ({Também muito lógica, salvando
a peça e mantendo a cravada. A opção} 21... Rf5 $1 {no entanto poderia ser
mais resistente nesta posição.} 22. Rxe7 {[%cal Re7e8]} Kf8 23. Nd6 {[%csl
Gd6][%cal Re7e8]} Kxe7 24. Nxf5+ exf5 {Somente as brancas podem estar melhores
neste final, com um peão a mais, mas as chances de empate são reais,
partindo da maior atividade das peças pretas} 25. a4 $16) (21... Rf5 $1 $14 {
[%eval 43,30]}) 22. a4 $1 $16 {[#] Não há pressa por resolver a cravada.
Mais importante assegurar a vida do peão da coluna "a", tirando do olhar
inquisidor do bispo adversário.} e5 ({Se} 22... Rf5 {[%eval 229,26] 22...e5 1.
60 se responde com} 23. Rf1 $1 {Homem e máquina felizes aqui.}) 23. dxe5 Rxe5
{[#]} 24. Rd1 $1 {Este lance oferece uma possibilidade extra para defender o
peão de f2. Hoping for Rd8.} ({But not} 24. Nxe5 $6 Rxc7 25. Rd1 f6 $16) 24...
Rf5 {[#]} 25. Rd2 $1 {[%cal Rd2c2] Aqui a torre defende de forma mais ativa
que em f1. O final depois da troca em d2 oferece um cenário semelhante ao que
se deu na partida.} Rc1+ 26. Kg2 {And now e4 would win.} g6 27. e4 {[%eval 72,
31]} (27. Rdd7 $18 {[%eval 193,29] is more deadly.}) 27... Ra5 28. Nxa5 Rxc7
$14 {[%mdl 4096] Endgame KRB-KRN} 29. Rd4 Rc2 30. Rc4 Rb2 31. Nc6 {Se requer
uma grande técnica para ganhar este final, porém o condutor das brancas o
fez parecer simples, melhorando de forma gradativa suas peças.} Kg7 32. e5 Rb3
{[%eval 196,23]} (32... h5 $16 {[%eval 112,28]} 33. Nd4 Ra2) 33. Nd4 $18 {
[#] Desarfortunadamente para Iago, aqui ele tocou no bispo e, percebendo que
um lance do mesmo, perderia sua torre, abandonou no ato. Uma possível
continuação teria sido aqui:} Rd3 34. e6 {[%eval 107,27]} (34. f4 Rd2+ 35.
Kf3 Rxh2 $2 {[%eval 316,23]} (35... h5 $16 {[%eval 156,26]} 36. a5 Ra2) 36. Rc7
Kg8 {[#]} 37. e6 $1 {[%cal Re6f7]} fxe6 38. Nxe6 Ba3 39. Rg7+ Kh8 40. Ra7 Kg8
41. a5 $18 {Depois da queda do peão em a6, decide a partida.}) (34. f4 $18 {
[%eval 188,26]}) 34... Kg8 $2 {[%eval 357,27] Accuracy: White = 78%, Black =
57%.} (34... Bd6 $16 {[%eval 107,27]}) 1-0

[Event "89_| Campeonato Brasileiro 2023"]
[Site "Recife"]
[Date "2023.12.14"]
[Round "2.3"]
[White "Iurk, Jonel Nazareno"]
[Black "Fier, Alexandr"]
[Result "0-1"]
[WhiteElo "2044"]
[BlackElo "2545"]
[PlyCount "72"]
[EventDate "2023.??.??"]
[EventCountry "BRA"]
[TimeControl "90+30"]
[WhiteClock "0:01:46"]
[BlackClock "0:59:32"]

{[%evp 23,72,0,30,3,21,0,0,-9,-7,-7,-5,-39,-40,-43,0,0,0,-3,0,-2,0,0,0,0,0,0,0,
-4,10,0,0,0,2,0,2,-19,-19,-20,0,-3,0,-2,-3,-7,-8,-11,-6,-244,-197,-335,-357]} 
1. d4 {[%emt 0:00:00]} Nf6 {[%emt 0:00:00]} 2. c4 {[%emt 0:00:00]} g6 {[%emt 0:
00:00]} 3. Nf3 {[%emt 0:00:00]} Bg7 {[%emt 0:00:00]} 4. g3 {[%emt 0:00:00]} d5
{[%emt 0:00:00]} 5. Bg2 {[%emt 0:00:00]} O-O {[%emt 0:00:00]} 6. cxd5 {[%emt 0:
00:00]} Nxd5 {[%emt 0:00:00]} 7. O-O {[%emt 0:00:00]} Nb6 {[%emt 0:00:00]} 8.
Nc3 {[%emt 0:00:00]} Nc6 {[%emt 0:00:00]} 9. e3 {[%emt 0:00:00]} Re8 {[%emt 0:
00:00]} 10. b3 {[%emt 0:00:00]} e5 {[%emt 0:00:00]} 11. dxe5 {[%emt 0:00:00]}
Nxe5 {[%emt 0:00:00]} 12. Nxe5 {[%emt 0:00:00]} Bxe5 {[%emt 0:00:00]} 13. Bb2 {
[%emt 0:00:00] D76: Fianchetto Grünfeld: Main Line with 7...Nb6.} (13. Qc2 {
keeps more tension.} Qe7 14. e4 Qc5 15. Bd2 a5 16. Rac1) 13... c6 {[%emt 0:00:
00]} 14. Qxd8 {[%emt 0:00:00]} Rxd8 {[%emt 0:00:00]} 15. Rad1 {[%emt 0:00:00]
The position is equal.} Bg4 {[%emt 0:00:00]} 16. f3 {[%emt 0:00:00]} Be6 {
[%emt 0:00:00]} 17. Rxd8+ {[%emt 0:00:00]} Rxd8 {[%emt 0:00:00]} 18. Rd1 {
[%emt 0:00:00]} Ra8 $146 {[%emt 0:00:00]} ({Predecessor:} 18... Rxd1+ 19. Nxd1
Bxb2 20. Nxb2 Nd5 21. Nd1 b5 22. Kf2 c5 23. Bf1 a6 24. e4 Nb4 {1/2-1/2 (36)
Sogaard,O (2512)-Bross,H (2559) ICCF email 2001}) 19. Rd2 {[%emt 0:00:00]} a5 {
[%emt 0:00:00]} 20. f4 $36 {[%emt 0:00:00][%mdl 2048] White fights for an
advantage.} Bg7 {[%emt 0:00:00]} 21. Ne4 {[%emt 0:00:00]} Bxb2 {[%emt 0:00:00]}
22. Rxb2 {[%emt 0:00:00]} Kf8 {[%emt 0:00:00]} 23. Nc5 {[%emt 0:00:00]} Bc8 {
[%emt 0:00:00]} 24. Kf2 {[%emt 0:00:00]} Ke7 {[%emt 0:00:00]} 25. e4 {[%emt 0:
00:00]} f6 {[%emt 0:00:00]} 26. Bf1 {[%emt 0:00:00]} a4 {[%emt 0:00:00]} 27. b4
{[%emt 0:04:13]} a3 {[%emt 0:00:00]} 28. Rc2 {[%emt 0:02:28]} f5 {[%emt 0:00:
00]} 29. Bd3 {[%emt 0:01:55]} fxe4 {[%emt 0:00:00]} 30. Bxe4 {[%emt 0:00:35]}
Ra7 {[%emt 0:00:00]} 31. Re2 {[%emt 0:02:44] [#] Threatens to win with Bxg6+.}
Kd6 {[%emt 0:00:00]} 32. Rd2+ {[%emt 0:02:09]} Kc7 {[%emt 0:00:00]} 33. Rc2 {
[%emt 0:00:28]} Na4 {[%emt 0:00:00]} 34. h4 {[%emt 0:00:26]} Bg4 {[%emt 0:00:
00]} 35. b5 $2 {[%eval -244,30] [%emt 0:02:07] [#]} (35. Ke3 $11 {[%eval -6,32]
}) 35... Kb6 {[%emt 0:00:00]} 36. Nxa4+ {[%eval -335,27] [%emt 0:00:39]} (36.
Nd3 $142 {[%eval -197,26]} Kxb5 37. Ne5) 36... Rxa4 {[%emt 0:00:00] Accuracy:
White = 61%, Black = 81%.} 0-1

[Event "89_| Campeonato Brasileiro 2023"]
[Site "Recife"]
[Date "2023.12.14"]
[Round "2.4"]
[White "Diamant, Andre"]
[Black "Lira, Suan Bruno Fernande"]
[Result "1/2-1/2"]
[WhiteElo "2513"]
[BlackElo "2038"]
[PlyCount "97"]
[EventDate "2023.??.??"]
[EventCountry "BRA"]
[TimeControl "90+30"]
[WhiteClock "0:06:27"]
[BlackClock "0:01:07"]

{[%evp 19,97,27,29,21,61,57,87,81,88,90,120,112,112,125,194,202,180,197,192,
194,190,35,39,38,179,166,145,157,220,207,213,191,200,3,3,3,18,15,17,16,13,10,
11,0,0,0,0,-3,0,0,0,-8,-2,-7,0,0,0,0,0,0,0,0,0,0,0,0,0,0,0,0,0,-29940,-29937,
-29935,-20000,-29932,0,0,0,0]} 1. e4 {[%emt 0:00:00]} c6 {[%emt 0:00:00]} 2. c4
{[%emt 0:00:00]} d5 {[%emt 0:00:00]} 3. exd5 {[%emt 0:00:00]} cxd5 {[%emt 0:00:
00]} 4. cxd5 {[%emt 0:00:00]} Nf6 {[%emt 0:00:00]} 5. Nc3 {[%emt 0:00:00]} Nxd5
{[%emt 0:00:00]} 6. Nf3 {[%emt 0:00:00]} e6 {[%emt 0:00:00]} 7. Bc4 {[%emt 0:
00:00]} Nb6 {[%emt 0:00:00]} 8. Bb3 {[%emt 0:00:00]} Nc6 {[%emt 0:00:00]} 9. d4
{[%emt 0:00:00]} Be7 {[%emt 0:00:00]} 10. O-O {[%emt 0:00:00]} O-O {[%emt 0:00:
00]} 11. Bf4 {[%emt 0:00:00] B22: Sicilian: 2 c3.} a6 {[%emt 0:00:00]} 12. Re1
{[%emt 0:00:00]} Nb4 {[%emt 0:00:00]} 13. Rc1 {[%emt 0:00:00] White is better.
White is better.} N6d5 $146 {[%emt 0:00:00]} ({Predecessor:} 13... Nc6 14. d5 {
[%eval 45,31]} (14. h4 $16 {[%eval 119,26]}) 14... exd5 15. Nxd5 Nxd5 16. Qxd5
Be6 17. Qxd8 Nxd8 18. Nd4 Bxb3 19. Rxe7 Bd5 {1-0 (44) Lysenko,M-Jalabadze,N 
(2004) Herceg Novi 2005}) ({Predecessor:} 13... Nc6 14. d5 exd5 15. Nxd5 Nxd5
16. Qxd5 Be6 17. Qxd8 Nxd8 18. Nd4 Bxb3 19. Rxe7 Bd5 {1-0 (44) Lysenko,
M-Jalabadze,N (2004) Herceg Novi 2005}) 14. Bg3 {[%emt 0:00:00]} b6 {[%emt 0:
00:00]} 15. a3 {[%emt 0:00:00]} Nxc3 {[%emt 0:00:00]} 16. bxc3 {[%emt 0:00:00]}
({Reject} 16. Rxc3 $6 {[%eval 0,29] 16.bxc3 1.26} Nd5 $11) ({Much worse is} 16.
Rxc3 $6 Nd5 $11) 16... Nd5 {[%eval 194,24] [%emt 0:00:00][%cal Bb4d5,Bd5f6,
Bf6e4][%mdl 32]} (16... Nc6 $16 {[%eval 125,28] was worth a try.}) 17. c4 $18 {
[%emt 0:00:00]} Nf6 {[%emt 0:00:00]} 18. c5 {[%emt 0:00:00]} bxc5 {[%emt 0:00:
00]} 19. dxc5 {[%emt 0:00:00]} Qxd1 {[%emt 0:00:00]} 20. Rexd1 $2 {[%eval 35,
25] [%emt 0:00:00]} ({White should play} 20. Bxd1 $16 {[%eval 147,25]} a5 21.
Ne5) ({White has to play} 20. Bxd1 $18 {[%eval 190,32]} a5 21. Ne5) 20... Ne4
$14 {[%emt 0:00:00]} 21. Bd6 {[%emt 0:00:00]} Bxd6 {[%eval 179,30] [%emt 0:00:
00]} (21... Nxd6 $14 {[%eval 41,32]} 22. cxd6 Bf6) ({Black should play} 21...
Nxd6 $14 {[%eval 38,33]} 22. cxd6 Bf6) 22. cxd6 $18 {[%emt 0:00:00]} Rd8 {
[%emt 0:00:00]} 23. Rd4 {[%emt 0:00:00]} Bb7 {[%eval 220,26] [%emt 0:00:00]} (
23... Rb8 $16 {[%eval 157,28]}) 24. d7 {[%emt 0:00:00]} Nf6 {[%emt 0:00:00]}
25. Ne5 {[%emt 0:00:00]} Nd5 {[%emt 0:01:11]} 26. Bxd5 $2 {[%eval 3,35] [%emt
0:00:00]} (26. f4 $18 {[%eval 194,23]}) (26. f4 $18 {[%eval 200,28]}) 26...
Bxd5 $11 {[%emt 0:00:30]} 27. Rc7 {[%emt 0:00:00]} Kf8 {[%emt 0:03:19]} 28.
Rxd5 {[%emt 0:00:00]} exd5 {[%emt 0:00:08][%mdl 4096] Endgame KRR-KRN} 29. Nc6
{[%emt 0:00:00]} f5 $1 {[%emt 0:00:46]} 30. f4 {[%emt 0:00:00] With the idea
Kf2. Black should prevent Kf2.} Kf7 {[%emt 0:02:20]} 31. Kf2 {[%emt 0:00:00]}
Ke6 {[%emt 0:02:31] [#] ...Kd6 is the strong threat.} 32. Ne5 {[%emt 0:00:00]}
d4 {[%emt 0:01:17]} 33. a4 {[%emt 0:00:00]} Kd6 {[%emt 0:00:29]} 34. Rc6+ {
[%emt 0:03:41]} Kd5 {[%emt 0:00:06] [#] Hoping for ...Rxd7! White must now
prevent ...Rxd7!} 35. Rb6 {[%emt 0:00:49]} Ra7 {[%emt 0:01:51]} (35... g5 $5 {
[%cal Rg5f4]} 36. g3 gxf4 37. gxf4 Ra7 $17) 36. a5 {[%emt 0:04:16]} Rdxd7 {
[%emt 0:00:48]} 37. Nxd7 {[%emt 0:00:27]} Rxd7 {[%emt 0:00:02]} 38. Rxa6 {
[%emt 0:00:06] KR-KR} Ke4 {[%emt 0:00:37]} 39. g3 {[%emt 0:02:47]} Rc7 {
[%emt 0:00:11] And now ...Rc2+ would win.} 40. Re6+ {[%emt 0:01:29]} Kd3 {
[%emt 0:00:03]} 41. Re2 {[%emt 0:00:28]} Kc3 {[%emt 0:02:50] Strongly
threatening ...d3.} 42. Re1 {[%emt 0:00:30] aiming for Rc1+. And now Rc1+
would win.} Ra7 {[%emt 0:00:22]} (42... Kc2 $5 43. Re2+ $8 Kb3 $11) 43. Re5 {
[%emt 0:02:10]} g6 {[%emt 0:02:11]} 44. Ke2 {[%emt 0:01:23]} d3+ {[%emt 0:00:
40]} 45. Ke3 $2 {[%eval -32647,44] [%emt 0:00:23][%mdl 8192] [#]} (45. Kd1 $11
{[%eval 0,50]}) (45. Kd1 $11 {[%eval 0,41]}) 45... Rd7 $1 $19 {[%emt 0:00:54]}
46. Rc5+ {[%emt 0:00:09]} Kb4 {[%emt 0:00:08]} 47. Rc1 {[%emt 0:00:09]} Kxa5 $2
{[%eval 0,49] [%emt 0:00:18]} (47... d2 $19 {[%eval -742,28]} 48. Rd1 Kc3) (
47... d2 {[%eval -32631,41] mates} 48. Rd1 Kc3 49. Ke2 Kc2 50. Rh1 Re7+ 51. Kf2
d1=Q 52. Rxd1 Kxd1 53. g4 Kd2 54. Kg2 Ra7 55. Kf3 Rxa5 56. gxf5 gxf5 57. Kg3
Ke3 58. Kh4 Kxf4 59. Kh5 Ke3 60. Kh6 f4 61. h4 f3 62. Kg7 f2 63. Kf7 f1=Q+ 64.
Ke6 Qc4+ 65. Kd7 Ra7+ 66. Kd6 Ke4 67. h5 Qd5#) 48. Rd1 {[%emt 0:00:06]} Re7+ {
[%emt 0:00:51]} 49. Kf3 {[%emt 0:00:40] Accuracy: White = 89%, Black = 76%. .
Accuracy: White = 83%, Black = 77%.} 1/2-1/2